• 首页
  • 本馆介绍
  • 公告通知
  • 最新文献
  • 馆藏检索
  • 电子资源
  • 读者导购
  • 参考咨询
  • 我的图书馆
  • 登录
  • 详细信息显示
  • 放入我的书架
  • 预约/预借图书
  • 作者相关作品
  • 分类相关作品
  • 丛书相关作品
  • 出版社相关作品

书目信息

  • 表格格式
  • 工作单格式
  • 卡片格式
题名:
国家、组织与妇女
    
 
作者: 揭爱花 著
分册:  
出版信息: 上海   学林出版社  2012
页数: 317页
开本: 24cm
丛书名:
单 册:
中图分类: D442.9
科图分类:
主题词: 妇女解放--研究--中国 , 妇女解放
电子资源:
ISBN: 978-7-5486-0451-8
000 01147nam0 2200265 450
001 524
005 20140905100025.20
010    @a978-7-5486-0451-8@dCNY42.00
100    @a20130321d2012 em y0chiy50 ea
101 0  @achi
102    @aCN@b310000
105    @ay z 000yy
106    @ar
200 1  @a国家、组织与妇女@AGuo Jia、 Zu Zhi Yu Fu Nu^@e中国妇女解放实践的运作机制研究@EZhong Guo Fu Nu^ Jie Fang Shi Jian De Yun Zuo Ji Zhi Yan Jiu@f揭爱花著@FJie Ai Hua Zhu
210    @a上海@c学林出版社@d2012
215    @a317页@d24cm
300    @a国家社科基金资助项目“国家、组织与妇女:中国妇女解放实践的运作机制研究”研究成果
330    @a本书收录中国妇女解放实践的历史境遇;革命与解放:中国妇女解放话语体系的建构;延安道路:中国妇女解放实践模式的孕育;妇女解放实践的国家干预体制;单位体制与妇女解放实践的微观运行机制等七章内容。
517 1  @a中国妇女解放实践的运作机制研究@AZhong Guo Fu Nu^ Jie Fang Shi Jian De Yun Zuo Ji Zhi Yan Jiu
606 0  @a妇女解放@x研究@y中国
606 0  @a妇女解放
690    @aD442.9@v5
701  0 @a揭爱花@AJie Ai Hua@g(女,@f1963~)@4著
801  0 @aCN@bTANGWEI@c20140603
905    @b0837790-92@dD442.9@e31@f3
    
    国家、组织与妇女:中国妇女解放实践的运作机制研究/揭爱花著.-上海:学林出版社,2012
    317页;24cm
    国家社科基金资助项目“国家、组织与妇女:中国妇女解放实践的运作机制研究”研究成果
    
    ISBN 978-7-5486-0451-8:CNY42.00
    本书收录中国妇女解放实践的历史境遇;革命与解放:中国妇女解放话语体系的建构;延安道路:中国妇女解放实践模式的孕育;妇女解放实践的国家干预体制;单位体制与妇女解放实践的微观运行机制等七章内容。
●
相关链接 在E读中查询图书 在五车中查询图书 在当当中查询图书 在豆瓣中查询图书


正题名:国家、组织与妇女     索取号:D442.9/31         预约/预借

序号 登录号 条形码 馆藏地/架位号 状态 备注
1 0837790   208377905   第一样本阅览室/ [索取号:D442.9/31] 在馆    
2 0837791   208377914   密集书库-史法系/ [索取号:D442.9/31] 在馆    
3 0837792   208377923   第一借阅区/ [索取号:D442.9/31] 在馆    
唐山师范学院图书馆 欢迎您!
大连网信软件有限公司© 版权所有